000 00862nam a2200229 i 4500
001 107542
003 ES-MaACL
005 20251012063046.0
007 t|
008 151013m19191920sp r ||||1| spa d
100 1 _aFloranes, Rafael,
_d1743-1801
_951240
245 1 3 _aLa supresión del Obispado de Alaba (sic) y sus derivaciones en la historia del País Vasco /
_cpor Rafael de Floranes ; introducción y notas por Segundo de Ispizua.
260 _aMadrid :
_b[s.n.],
_c1919-1920 (
_fGráf. Mateu)
300 _a2 v. ;
_c23 cm.
490 1 _aBiblioteca de Historia Vasca ;
_v1-2
650 4 _aDiócesis-
_zPaís Vasco.
_9157895
651 4 _aPaís Vasco-
_xHistoria.
_99152
700 1 _aIspizua, Segundo de,
_d1869-1924
_965593
830 0 0 _aBiblioteca de historia vasca
_v1-2
_9183472
852 _aES-MaACL
_jF-520-21
999 _c107542
_d107542